<?xml version="1.0" encoding="UTF-8"?>
<marc:record xmlns:marc="http://www.loc.gov/MARC21/slim">
   <marc:leader>00000nam a2200000 a 4500</marc:leader>
   <marc:datafield ind1="1" ind2=" " tag="100">
      <marc:subfield code="a">Morgan, Lily S.</marc:subfield>
      <marc:subfield code="4">aut</marc:subfield>
      <marc:subfield code="e">Verfasser/-in</marc:subfield>
   </marc:datafield>
   <marc:datafield ind1=" " ind2=" " tag="653">
      <marc:subfield code="a">Geheimnis</marc:subfield>
   </marc:datafield>
   <marc:datafield ind1=" " ind2=" " tag="653">
      <marc:subfield code="a">Fluch</marc:subfield>
   </marc:datafield>
   <marc:datafield ind1=" " ind2=" " tag="653">
      <marc:subfield code="a">Liebesbeziehung</marc:subfield>
   </marc:datafield>
   <marc:datafield ind1="0" ind2="0" tag="245">
      <marc:subfield code="a">Die  Aschekriegerin</marc:subfield>
   </marc:datafield>
   <marc:datafield ind1="0" ind2="0" tag="245">
      <marc:subfield code="b">Fantasy-Liebesroman mit starker Heldin und überraschendem Thronfolger</marc:subfield>
   </marc:datafield>
   <marc:datafield ind1="0" ind2="0" tag="245">
      <marc:subfield code="c">Lily S. Morgan</marc:subfield>
   </marc:datafield>
   <marc:datafield ind1=" " ind2="1" tag="264">
      <marc:subfield code="a">Hamburg</marc:subfield>
      <marc:subfield code="b">Carlsen</marc:subfield>
      <marc:subfield code="c">2021</marc:subfield>
   </marc:datafield>
   <marc:datafield ind1="1" ind2=" " tag="490">
      <marc:subfield code="a">City of Burning Wings</marc:subfield>
   </marc:datafield>
   <marc:datafield ind1=" " ind2=" " tag="250">
      <marc:subfield code="a">1. Auflage</marc:subfield>
   </marc:datafield>
   <marc:datafield ind1="1" ind2=" " tag="520">
      <marc:subfield code="a">Angaben aus der Verlagsmeldung&lt;br/&gt;&lt;br/&gt;City of Burning Wings. Die Aschekriegerin : Fantasy-Liebesroman mit starker Heldin, die sich gegen einen überraschenden Thronfolger behaupten muss / von Lily S. Morgan&lt;br/&gt;&lt;br/&gt;*Eine Liebe zwischen Asche und Glut*&lt;br/&gt;Die junge Kriegerin May hat sich ihr Leben lang darauf vorbereitet, als Nachfolgerin des Königs den Aschethron zu besteigen. Sie ist die schnellste Himmelstürmerin, die es in der fliegenden Stadt Elydor je gab. Doch als der König stirbt, taucht die Herrscherrune nicht bei ihr, sondern auf der Stirn des mysteriösen Geheimnishändlers Luan aus dem Elendsviertel auf. Und ausgerechnet May soll ihm helfen, mit seiner neu gewonnenen Macht umzugehen. Nur widerwillig fügt sie sich, bis ihr klar wird, dass nicht nur ihre beiden Leben vom Erfolg der Aufgabe abhängen, sondern die Zukunft von ganz Elydor.&lt;br/&gt;&lt;br/&gt;Persönliche Leseempfehlung von Julia, der bekannten Bloggerin von July_reads:&lt;br/&gt;&lt;br/&gt;Eine Welt voller Spannung, Geheimnisse und Magie. »City of Burning Wings« hat mich von Anfang in den Bann gezogen, fasziniert und mich immer wieder von Neuem überrascht.&lt;br/&gt;&lt;br/&gt;Hol dir die wunderschön veredelte Liebhaberausgabe für dein Bücherregal, nur jetzt mit farbigem Buchschnitt in der ersten Auflage!&lt;br/&gt;&lt;br/&gt;//»City of Burning Wings. Die Aschekriegerin« ist ein in sich abgeschlossener Einzelband.//</marc:subfield>
   </marc:datafield>
   <marc:datafield ind1=" " ind2=" " tag="020">
      <marc:subfield code="a">9783551584533</marc:subfield>
      <marc:subfield code="9">9783551584533</marc:subfield>
   </marc:datafield>
   <marc:datafield ind1=" " ind2=" " tag="041">
      <marc:subfield code="a">ger</marc:subfield>
   </marc:datafield>
   <marc:datafield ind1="1" ind2=" " tag="521">
      <marc:subfield code="a">0</marc:subfield>
   </marc:datafield>
   <marc:datafield ind1=" " ind2=" " tag="300">
      <marc:subfield code="a">400 Seiten</marc:subfield>
   </marc:datafield>
</marc:record>
